000 00535nam a2200229Ia 4500
003 OSt
005 20220924141936.0
006 a|||||r|||| 00| 0
007 ta
008 220923b |||||||| |||| 00| 0 ben d
024 _a299847
037 _cTextual
040 _aARTS
_cARTS
_bben
041 _2ben
_aben
082 _aR66:6x, 157F6
100 _aDatta
245 0 _aGeetaya iswarbad
260 _c1926
650 _aPHILOSOPHY
942 _hR66:6x, 157F6
_cTEXL
_2CC
999 _c448758
_d448758